Types of Dinosaurs - Statistics

General Stats
  • This quiz has been taken 215 times
    190 since last reset
  • The average score is 34 of 74
Answer Stats
Dinosaur Name Meaning Answer % Correct
"Tyrant Lizard" Tyrannosaurus Rex
93%
"Three Horned Face" Triceratops
90%
"Roof Lizard" Stegosaurus
79%
"Thief of Utah" Utahraptor
79%
"Spine Lizard" Spinosaurus
78%
"Iguana Tooth" Iguanodon
76%
"Swift Thief" Velociraptor
74%
"Different Lizard" Allosaurus
73%
"Egg Thief" Oviraptor
73%
"Arm Lizard" Brachiosaurus
70%
"Alberta Lizard" Albertosaurus
67%
"Fused Lizard" Ankylosaurus
67%
"Lizard of Argentina" Argentinosaurus
67%
"Edmonton Lizard" Edmontosaurus
67%
"Thick-Headed Lizard" Pachycephalosaurus
67%
"Dual Crested Lizard" Dilophosaurus
63%
"Deceptive Lizard" Apatosaurus
61%
"Chicken Mimic" Gallimimus
60%
"Lizard of Lesotho" Lesothosaurus
60%
"Large Southern Lizard" Giganotosaurus
59%
"Mamenchi Lizard" Mamenchisaurus
59%
"Titanic Lizard" Titanosaurus
59%
"Double Beamed" Diplodocus
58%
"Near Crested Lizard" Parasaurolophus
57%
"Five Horned Face" Pentaceratops
57%
"Lizard from Salta" Saltasaurus
57%
"Bull Lizard" Carnotaurus
55%
"Crocodile Mimic" Suchomimus
55%
"La Amarga Lizard" Amargasaurus
53%
"Heavy Claw" Baryonyx
53%
"Horned Lizard" Ceratosaurus
53%
"Terrible Claw" Deinonychus
50%
"Small Thief" Microraptor
50%
"Super Lizard" Supersaurus
48%
"Lambe's Lizard" Lambeosaurus
47%
"Scythe Lizard" Therizinosaurus
47%
"Wounding Tooth" Troodon
47%
"Fukui Lizard" Fukuisaurus
45%
"Bird Mimic" Ornithomimus
45%
"Abel's Lizard" Abelisaurus
41%
"Helmet Lizard" Corythosaurus
41%
"Frozen Crested Lizard" Cryolophosaurus
41%
"Pointy Lizard" Kentrosaurus
41%
"Great Lizard" Megalosaurus
40%
"Ostrich Mimic" Struthiomimus
40%
"Mother Lizard" Maiasaura
39%
"Single Crested Lizard" Monolophosaurus
39%
"Poseidon's Lizard" Sauroposeidon
39%
"Thick-Nosed Lizard" Pachyrhinosaurus
38%
"Gaston's Lizard" Gastonia
36%
"Spiked Lizard" Styracosaurus
36%
"Dawn Thief" Eoraptor
35%
"High-Spined Lizard" Acrocanthosaurus
33%
"Sharp/Jagged Tooth" Carcharodontosaurus
33%
"Alarmed Lizard" Tarbosaurus
32%
"Tuo River Lizard" Tuojiangosaurus
30%
"Chambered Lizard" Camarasaurus
27%
"Delta Runner" Deltadromeus
27%
"Godzilla Lizard" Gojirasaurus
27%
"Earthshaking Lizard" Seismosaurus
26%
"Perforated Lizard" Torosaurus
26%
"Hollow Form" Coelophysis
25%
"Lord of Lizard-Eaters" Saurophaganax
22%
"Well-Armed Head" Euoplocephalus
21%
"Brave Lizard" Ouranosaurus
21%
"Opening Lizard" Chasmosaurus
19%
"Frightful Lizard" Daspletosaurus
15%
"Pointed Lizard" Centrosaurus
12%
"High Snout" Altirhinus
10%
"Beautiful One" Saichania
10%
"Well-Reversed Vertebrae" Eustreptospondylus
9%
"Near Horned Face" Anchiceratops
7%
"Near Lizard" Anchisaurus
6%
"Lizard Crest" Sauropholus
5%
No matching quizzes found
Score Distribution
Percent of People with Each Score
Percentile by Number Answered
Your Score History
You have not taken this quiz since the last reset